000 00380nab a2200133Ia 4500
003 ES-SlBCS
005 20210601125245.0
008 140529s1982 xxu||||| |||| 00| 0 eng d
041 _aeng
100 1 _aBurton, Robert G.
_9155858
245 0 0 _aChoice
_c Robert G. Burton
773 0 _tPhilosophy and Phenomenological Research
_gvol. 42, 1982, págs. 581-586
_wRev1411
942 _cAR
999 _c527347
_d527347